[Event "GRE-ch 62nd"]
[Site "Athens"]
[Date "2012.11.24"]
[Round "1"]
[White "Nikolaou, Georgios"]
[Black "Moutousis, Konstantinos"]
[Result "1/2-1/2"]
[WhiteElo "2232"]
[BlackElo "2426"]
[PlyCount "180"]
[EventDate "2012.11.24"]
[EventType "tourn"]
[EventRounds "9"]
[EventCountry "GRE"]
[EventCategory "7"]
[SourceTitle "CBM 151 Extra"]
[Source "ChessBase"]
[SourceDate "2012.12.18"]
[SourceVersion "1"]
[SourceVersionDate "2012.12.18"]
[SourceQuality "1"]

1. Nf3 g6 2. g3 Bg7 3. d4 c5 4. Bg2 cxd4 5. Nxd4 d6 6. 0-0 Bd7 7. Nc3 Nc6 8. Nb3 Qc8 9. Nd5 Rb8 10. c3 Bh3 11. e4 h5 12. Bxh3 Qxh3 13. Nf4 Qc8 14. h4 Nf6 15. Qe2 Qg4 16. Re1 Ne5 17. Kg2 b5 18. Nd2 Qxe2 19. Rxe2 Kd7 20. Nf3 Nxf3 21. Kxf3 Ng4 22. Nd3 a5 23. Bf4 e5 24. Bd2 f5 25. Kg2 Nf6 26. f3 Rhc8 27. Rae1 fxe4 28. fxe4 Ke6 29. Bg5 Nd7 30. Rf1 Rf8 31. Rxf8 Bxf8 32. Be3 Rc8 33. Kf3 Be7 34. Bg1 Bd8 35. Be3 Bc7 36. Kg2 Bd8 37. Kf3 Rc4 38. Bd2 Bb6 39. Ne1 Rc8 40. Nd3 Nf6 41. Be3 Bxe3 42. Rxe3 a4 43. Nf2 d5 44. exd5+ Nxd5 45. Re2 a3 46. Ne4 axb2 47. Rxb2 Nxc3 48. Nxc3 Rxc3+ 49. Kf2 Rc5 50. Rb4 Rc2+ 51. Kf3 Rc3+ 52. Kf2 Rc5 53. a4 Rc4 54. Rxb5 Rxa4 55. Rb8 Kf5 56. Rb6 Ra2+ 57. Ke3 Ra5 58. Rc6 Ra8 59. Rb6 Rf8 60. Ra6 Rf6 61. Ra4 Rd6 62. Rb4 Ra6 63. Rc4 Ra5 64. Rc6 Ra3+ 65. Kf2 Ra4 66. Rb6 g5 67. hxg5 Kxg5 68. Rb8 Ra3 69. Rg8+ Kf5 70. Rh8 Ra2+ 71. Ke3 Ra3+ 72. Kf2 Kg6 73. Rg8+ Kf5 74. Rh8 Ra2+ 75. Ke3 Rh2 76. Rf8+ Ke6 77. Re8+ Kf6 78. Rf8+ Ke7 79. Rh8 Rh1 80. Ke4 Kf6 81. Ke3 Kg7 82. Re8 Kg6 83. Rg8+ Kf5 84. Rf8+ Kg4 85. Rg8+ Kh3 86. Rg5 Kg2 87. Ke2 e4 88. Ke3 Re1+ 89. Kd2 Rh1 90. Ke3 Rh3 1/2-1/2